In flanders fields : The 1917 Campaign

Na minha lista:
Detalhes bibliográficos
Autor principal: Wolff, Leon
Formato: Livro
Idioma:Undetermined
Publicado em: New York Time incorporated 1963
Assuntos:
Tags: Adicionar Tag
Sem tags, seja o primeiro a adicionar uma tag!
Thư viện lưu trữ: Trung tâm Học liệu Trường Đại học Cần Thơ
LEADER 00542nam a2200193Ia 4500
001 CTU_80952
008 210402s9999 xx 000 0 und d
082 |a 940.433 
082 |b W855 
100 |a Wolff, Leon 
245 0 |a In flanders fields : 
245 4 |b The 1917 Campaign 
245 0 |c Leon Wolff; introduction by B. H. Liddell Hart 
260 |a New York 
260 |b Time incorporated 
260 |c 1963 
650 |a World war, 1914 - 1918 
904 |i Vương,Hải 
980 |a Trung tâm Học liệu Trường Đại học Cần Thơ